| 000 | 00982cam a2200241 4500 | ||
|---|---|---|---|
| 001 | WB3533-09 | ||
| 008 | 000000n1999 000 0 eng u | ||
| 035 | _a(Sirsi) u100254 | ||
| 245 | _aIndustrial and commercial property | ||
| 260 | _c1999 | ||
| 490 |
_aYorkshire Post _v26 August 1999, 20-22(3) LOAN |
||
| 520 | _aSpecial survey on the industrial and commercial property market in Yorkshire. Covers customer care in the construction industry, the impact of e-commerce on the retail sector, rental levels in the commercial property market and the investment potential of post offices. | ||
| 650 | _aYORKSHIRE | ||
| 650 | _aHUMBERSIDE | ||
| 650 | _aRENTAL LEVELS | ||
| 650 | _aPROPERTY-COMMERCIAL PROPERTY-OFFICE PROPERTY-OFFICE PROPERTY MARKET | ||
| 650 | _aINDUSTRIAL MARKET | ||
| 650 | _aCUSTOMER CARE | ||
| 650 | _aPOST OFFICES | ||
| 650 | _aINVESTMENT MARKET | ||
| 690 | _aPROPERTY-COMMERCIAL PROPERTY-COMMERCIAL PROPERTY FINANCE AND INVESTMENT | ||
| 942 | _n0 | ||
| 999 |
_c60035 _d60035 |
||